أصول الفقه / (رقم التسجيلة. 28109)

تفاصيل مارك
000 -الفاتح
حقل البيانات ثابتة الطول 00684nam a2200205 a 4500
003 - محدد رقم الضبط
رقم الضبط OSt
005 - وقت وتاريخ اخر تعامل مع التسجيلة
رقم الضبط 20150408114119.0
008 - عناصر البيانات ثابتة الطول - معلومات عامة
حقل البيانات ثابتة الطول 130224s2013 le g b 000 0 ara d
020 ## - الرقم الدولى المعيارى للكتب
الرقم الدولى المعيارى للكتاب 9959291596
040 ## - مصدر الفهرسة
وكالة الفهرسة الأصلية Ma-Un
082 04 - رقم تصنيف ديوى العشرى
رقم الطبعة 21
رقم التصنيف 251
رقم المادة أ ع أ
100 1# - المدخل الرئيسى - إسم شخصى
9 (RLIN) 21628
الإسم الشخصى أبو ناجي، عبد السلام محمود.
245 10 - بيان العنوان
العنوان أصول الفقه /
بيان المسئوليه,etc تأليف عبد السلام محمود أبو ناجي.
250 ## - بيان الطبعة
بيان الطبعة ط. 2.
260 ## - PUBLICATION, DISTRIBUTION, ETC. (IMPRINT)
مكان الناشر او الموزع بيروت :
اسم الناشر او الموزع المدار الإسلامي،
تاريخ النشر أو التوزيع 2013
-- [1434]
300 ## - الوصف المادى
التعداد 400 ص. ؛
أبعاد الوعاء 24 سم.
504 ## - تبصرة ببليوجرافية
تبصرة ببليوجرافية,الخ ببليوجرافية : ص. 395-398.
650 #7 - المدخل الاضافى بالموضوع-مصطلح موضوعى
مصطلح موضوعي أو اسم جغرافي كعنصر مدخل أصول الفقه الإسلامي
مصدر الرأس أو المصطلح aucsh
942 ## - عناصر المدخل الإضافي( كوها)
مصدر التصنيف او مخطط الترفيف Dewey Decimal Classification
Koha [default] item type كتاب
المقتنيات
حالة الفقد نموذج السعر الفعال حالة تلف ليس للاعارة رقم الطلب رقم النسخة تاريخ الاكتساب الموقع الحالي الباركود الفرع الرئيسي Date last checked out Date last seen نوع المادة فى نظام كوها مصدر التصنيف او خطة الترفيف Total Checkouts
  2013-03-23   Not For Loan 251 أ ع أ 1 2013-03-23 المكتبة المركزية بالمجمعة (CL) 00204243 المكتبة المركزية بالمجمعة (CL)   2013-03-23 كتاب Dewey Decimal Classification  
  2013-03-23     251 أ ع أ 2 2013-03-23 المكتبة المركزية بالمجمعة (CL) 00204244 المكتبة المركزية بالمجمعة (CL)   2013-03-23 كتاب Dewey Decimal Classification  
  2013-03-23     251 أ ع أ 3 2013-03-23 المكتبة المركزية بالمجمعة (CL) 00204245 المكتبة المركزية بالمجمعة (CL)   2013-03-23 كتاب Dewey Decimal Classification  
  2013-03-20     251 أ ع أ 2 2013-03-20 مكتبة كلية التربية بالزلفى - طالبات (EZF) 00201043 مكتبة مجمع الكليات بالزلفى - طلاب (SZM) 2017-03-15 2017-03-26 كتاب Dewey Decimal Classification 4
  2013-03-20   Not For Loan 251 أ ع أ 1 2013-03-20 مكتبة كلية العلوم و الدراسات الإنسانية برماح - طالبات (SRF) 00200777 مكتبة كلية العلوم و الدراسات الإنسانية برماح - طالبات (SRF)   2013-03-20 كتاب Dewey Decimal Classification  
  2013-03-20     251 أ ع أ 2 2013-03-20 مكتبة كلية العلوم و الدراسات الإنسانية برماح - طالبات (SRF) 00200776 مكتبة كلية العلوم و الدراسات الإنسانية برماح - طالبات (SRF)   2013-03-20 كتاب Dewey Decimal Classification  
  2013-03-20   Not For Loan 251 أ ع أ 1 2013-03-20 مكتبة كلية العلوم و الدراسات الإنسانية برماح - طلاب (SRM) 00202467 مكتبة كلية العلوم و الدراسات الإنسانية برماح - طلاب (SRM) 2022-01-31 2022-05-22 كتاب Dewey Decimal Classification 1
  2013-03-20     251 أ ع أ 2 2013-03-20 مكتبة كلية العلوم و الدراسات الإنسانية برماح - طلاب (SRM) 00202466 مكتبة كلية العلوم و الدراسات الإنسانية برماح - طلاب (SRM)   2013-03-20 كتاب Dewey Decimal Classification  
  2013-03-20   Not For Loan 251 أ ع أ 1 2013-03-20 مكتبة مجمع الكليات بالزلفى - طلاب (SZM) 00201044 مكتبة مجمع الكليات بالزلفى - طلاب (SZM)   2015-01-29 كتاب Dewey Decimal Classification